Statistics for European countries with the most recent volcanic eruptions

Click here to take the quiz!

General Stats

  • This quiz has been taken 20 times
  • The average score is 9 of 10

Answers on the Map

Answers color-coded by a green-red scale on the quiz's map according to % correct below.
Loading ...
 

Answer Stats

CountryVolcanoLast eruption% Correct
ItalyStromboli2021
100%
IcelandFagradalsfjall2021
100%
GreeceSantorini1950
100%
RussiaElbrus~50 AD
95%
FranceChaines des Puys~4 000 BCE
95%
SpainCampo de Calatrava~3 600 BCE
89%
NorwayBeerenberg (Jan Mayen Island)1985
84%
PortugalCapelinhos (Faial Island)1958
79%
GermanyLaacher See~10 000 BCE
63%
RomaniaCiomadul~30 000 BCE
63%

Score Distribution

Percentile by Number Answered

Percent of People with Each Score

Your Score History

You have not taken this quiz